| 000 | 00348nam a2200145Ia 4500 | ||
|---|---|---|---|
| 008 | 210210b1954 xxu||||| |||| 00| 0 eng d | ||
| 041 | _aeng | ||
| 082 | _a827/11 | ||
| 100 | _aBURTON (Hester) | ||
| 245 | _aTennyson | ||
| 260 |
_aLondon _bOxford University Press _c1954 |
||
| 650 | _aTennyson | ||
| 690 | _aEnglish Collections | ||
| 906 | _a015834 | ||
| 999 |
_c135224 _d135224 |
||